| 000 | 00733nam a2200205 a 4500 | ||
|---|---|---|---|
| 001 | BRCA_375 | ||
| 005 | 20190320203000.0 | ||
| 008 | 890628s1985 sp a bc 000 0 spa | ||
| 040 |
_aDLC _cDLC _dDLC |
||
| 050 | 4 |
_aGN562 _b.M47 1985 |
|
| 245 | 1 | 0 |
_aEl mestizaje americano _c1985. |
| 300 |
_a189 p. _bil. (algunas a color) _c30 cm. |
||
| 500 | _aCatálogo de la exposición realizada en el Museo de América (Madrid), Octubre-Diciembre 1985. | ||
| 504 | _aBibliografía : p. 57-62. | ||
| 610 | 2 | 4 |
_aMuseo de América (Madrid, España) _xExposiciones _91257 |
| 650 | 1 | 4 |
_aMestizaje _xExposiciones _zAmérica Latina _91258 |
| 650 | 1 | 4 |
_aArte colonial español _xExposiciones. _91259 |
| 651 | 4 |
_aAmérica Latina _xCastas _91260 |
|
| 942 |
_2lcc _cB |
||
| 999 |
_c311 _d311 |
||